| 000 | 00644nam a2200217Ia 4500 | ||
|---|---|---|---|
| 001 | 14850 | ||
| 003 | GE_BSU | ||
| 008 | 181216s||||||||xx |||||||||||||| ||und|| | ||
| 040 | _cGE_BSU | ||
| 080 | _a517.95 | ||
| 100 | _aБерс,Липман. Джон,Ф. Шехтер, М. | ||
| 245 | _aУравнения с частными производными | ||
| 245 | _cПод.ред.О.А.Олейник | ||
| 260 | _aМосква | ||
| 260 | _bМир | ||
| 260 | _c1966 | ||
| 300 | _a351стр.22см. | ||
| 300 | _eУказатель стр.347 | ||
| 653 | _aУравнения с частными производными | ||
| 942 | _cBK | ||
| 999 |
_c47972 _d47972 |
||